000 01349cam a22003857a 4500
003 CHAP
005 20220817041725.0
008 971013s1973 r 00010 d
010 _a22653
011 _a23625
035 _a27721
040 _cCHAP
082 _a613.127
_bC6 1973
110 _aFAO. Comisión del Codex Alimentarius
_939482
245 0 _aCódigo de principios referentes a la leche y los productos lácteos
_b: normas internacionales y métodos normalizados de toma de muestras y análisis para los productos lácteos
250 _a7 ed.
260 _aRoma :
_bFAO,
_c1973
300 _a137 p.
410 _aFAO
490 0 _aPrograma conjunto FAO/OMS sobre normas alimentarias
590 _aBATCH-UPD
_b10
_c20130110
_lUCH01
_h0903
590 _aBATCH-UPD
_b10
_c20130410
_lUCH01
_h0531
590 _aBATCH-UPD
_b10
_c20130914
_lUCH01
_h1342
590 _aCONVERSION
_b10
_c20130109
_lUCH01
_h1313
650 1 4 _aLeche
_xAnálisis.
_965359
650 1 4 _aLeche
_xNormas de calidad.
_965396
650 1 4 _aProductos lácteos
_xAnálisis.
_992125
650 1 4 _aProductos lácteos
_xNormas de calidad.
_992147
710 0 _aFAO.
810 0 _aFAO
830 0 _aPrograma conjunto FAO/OMS sobre normas alimentarias
_992254
901 _aBK
942 _cLIBRO
949 _a613.127 C6 1973
_bBC
_cFAO
_d-64193
_eFAO1
_h39016
_i27721
_mD
_si
999 _c22653
_d22653